Normal view
MARC view
- Tunisavi, Tahir
Entry Personal Name
001 - CONTROL NUMBER
- control field: 17752
003 - CONTROL NUMBER IDENTIFIER
- control field: NUST
005 - DATE AND TIME OF LATEST TRANSACTION
- control field: 20190716061259.0
008 - FIXED-LENGTH DATA ELEMENTS
- fixed length control field: 190716|| aca||aabn | a|a d
040 ## - CATALOGING SOURCE
- Original cataloging agency: NUST
- Transcribing agency: NUST
100 ## - HEADING--PERSONAL NAME
- Personal name: Tunisavi, Tahir
670 ## - SOURCE DATA FOUND
- Source citation: Work cat.: (NUST): Tunisavi, Tahir, Saraiki adab : Reet ty Riwayat /, 2010.
